[Event "Team Championship (men blitz)"]
[Site "Sochi"]
[Date "2017.10.05"]
[Round "5.23"]
[White "Belyakov, Bogdan"]
[Black "Savchenko, Boris"]
[Result "0-1"]
[LiveChessVersion "1.4.8"]
[BlackElo "2630"]
[WhiteElo "2477"]

1. e4 {[%clk 0:03:03]} c5 {[%clk 0:03:04]} 2. c3 {[%clk 0:03:05]} Nf6
{[%clk 0:03:04]} 3. e5 {[%clk 0:03:06]} Nd5 {[%clk 0:03:05]} 4. Nf3
{[%clk 0:03:06]} Nc6 {[%clk 0:03:06]} 5. Bc4 {[%clk 0:03:03]} Nb6
{[%clk 0:03:06]} 6. Bb3 {[%clk 0:03:04]} d5 {[%clk 0:03:07]} 7. exd6
{[%clk 0:03:04]} c4 {[%clk 0:03:04]} 8. Bc2 {[%clk 0:03:05]} e5 {[%clk 0:03:04]}
9. d4 {[%clk 0:02:55]} cxd3 {[%clk 0:03:04]} 10. Qxd3 {[%clk 0:02:54]} Qxd6
{[%clk 0:03:04]} 11. Qxd6 {[%clk 0:02:52]} Bxd6 {[%clk 0:03:05]} 12. O-O
{[%clk 0:02:47]} Bg4 {[%clk 0:03:04]} 13. Nbd2 {[%clk 0:02:45]} f6
{[%clk 0:03:00]} 14. Nh4 {[%clk 0:02:40]} g6 {[%clk 0:02:59]} 15. h3
{[%clk 0:02:34]} Be6 {[%clk 0:02:57]} 16. Nhf3 {[%clk 0:02:31]} O-O-O
{[%clk 0:02:56]} 17. Re1 {[%clk 0:02:26]} Rhe8 {[%clk 0:02:52]} 18. Bb3
{[%clk 0:02:19]} Bxb3 {[%clk 0:02:49]} 19. axb3 {[%clk 0:02:20]} f5
{[%clk 0:02:47]} 20. Nc4 {[%clk 0:02:14]} Nxc4 {[%clk 0:02:46]} 21. bxc4
{[%clk 0:02:14]} a6 {[%clk 0:02:39]} 22. Be3 {[%clk 0:02:10]} e4 {[%clk 0:02:36]}
23. Nd4 {[%clk 0:01:16]} Ne5 {[%clk 0:02:35]} 24. b3 {[%clk 0:01:18]} Nd3
{[%clk 0:02:33]} 25. Re2 {[%clk 0:01:13]} f4 {[%clk 0:02:23]} 26. Bd2
{[%clk 0:01:13]} Bc5 {[%clk 0:02:23]} 27. Ra5 {[%clk 0:00:42]} h6
{[%clk 0:02:01]} 28. Kf1 {[%clk 0:00:35]} g5 {[%clk 0:01:57]} 29. Nf5
{[%clk 0:00:33]} Bxf2 {[%clk 0:01:54]} 30. Rd5 {[%clk 0:00:28]} Rxd5
{[%clk 0:01:35]} 31. cxd5 {[%clk 0:00:30]} Kd7 {[%clk 0:01:35]} 32. c4
{[%clk 0:00:19]} b5 {[%clk 0:01:18]} 33. Ng7 {[%clk 0:00:18]} Re7
{[%clk 0:01:19]} 34. Ne6 {[%clk 0:00:19]} e3 {[%clk 0:01:13]} 35. Bb4
{[%clk 0:00:20]} Nxb4 {[%clk 0:01:13]} 36. c5 {[%clk 0:00:13]} Nxd5
{[%clk 0:01:13]} 37. Nd4 {[%clk 0:00:14]} Re4 {[%clk 0:01:13]} 38. Nf3
{[%clk 0:00:12]} Kc6 {[%clk 0:01:13]} 39. Ra2 {[%clk 0:00:13]} Nb4
{[%clk 0:01:13]} 40. Ra1 {[%clk 0:00:13]} e2+ {[%clk 0:01:06]} 0-1

[Event "Team Championship (men blitz)"]
[Site "Sochi"]
[Date "2017.10.05"]
[Round "5.24"]
[White "Bocharov, Dmitry"]
[Black "Savitskiy, Sergey"]
[Result "1-0"]
[LiveChessVersion "1.4.8"]
[BlackElo "2327"]
[WhiteElo "2653"]

1. c4 {[%clk 0:03:02]} Nf6 {[%clk 0:03:03]} 2. Nc3 {[%clk 0:03:03]} g6
{[%clk 0:03:04]} 3. d4 {[%clk 0:03:03]} Bg7 {[%clk 0:03:05]} 4. e4
{[%clk 0:03:03]} d6 {[%clk 0:03:05]} 5. f3 {[%clk 0:03:04]} O-O {[%clk 0:03:05]}
6. Be3 {[%clk 0:03:05]} b6 {[%clk 0:03:06]} 7. Nge2 {[%clk 0:03:01]} c5
{[%clk 0:03:06]} 8. Qd2 {[%clk 0:02:54]} Nc6 {[%clk 0:03:01]} 9. d5
{[%clk 0:02:54]} Ne5 {[%clk 0:02:59]} 10. Ng3 {[%clk 0:02:54]} e6
{[%clk 0:02:58]} 11. Be2 {[%clk 0:02:54]} Re8 {[%clk 0:02:41]} 12. O-O
{[%clk 0:02:53]} exd5 {[%clk 0:02:29]} 13. cxd5 {[%clk 0:02:54]} a6
{[%clk 0:02:23]} 14. a4 {[%clk 0:02:55]} Rb8 {[%clk 0:02:13]} 15. Kh1
{[%clk 0:02:54]} c4 {[%clk 0:01:30]} 16. Rab1 {[%clk 0:02:04]} b5
{[%clk 0:01:04]} 17. axb5 axb5 18. b4 {[%clk 0:02:04]} Bd7 {[%clk 0:00:18]} 19.
Bd4 {[%clk 0:02:00]} Ra8 {[%clk 0:00:18]} 20. f4 {[%clk 0:01:57]} Neg4
{[%clk 0:00:14]} 21. h3 {[%clk 0:01:57]} Nh6 {[%clk 0:00:05]} 22. e5
{[%clk 0:01:49]} Nh5 {[%clk 0:00:04]} 23. Bxh5 {[%clk 0:01:41]} gxh5
{[%clk 0:00:05]} 24. Nxh5 {[%clk 0:01:38]} Qh4 {[%clk 0:00:03]} 25. Nxg7
{[%clk 0:01:37]} 1-0

[Event "Team Championship (men blitz)"]
[Site "Sochi"]
[Date "2017.10.05"]
[Round "5.26"]
[White "Demidov, Mikhail"]
[Black "Murzin, Volodar"]
[Result "1-0"]
[LiveChessVersion "1.4.8"]
[BlackElo "2268"]
[WhiteElo "2555"]

1. Nf3 {[%clk 0:03:02]} Nf6 2. g3 g6 {[%clk 0:03:05]} 3. b3 {[%clk 0:03:05]} Bg7
{[%clk 0:03:06]} 4. Bb2 {[%clk 0:03:06]} O-O {[%clk 0:03:05]} 5. Bg2
{[%clk 0:03:07]} d5 {[%clk 0:03:05]} 6. c4 {[%clk 0:03:04]} e6 {[%clk 0:03:00]}
7. O-O {[%clk 0:03:02]} c5 {[%clk 0:03:01]} 8. cxd5 {[%clk 0:03:03]} exd5
{[%clk 0:03:02]} 9. d4 {[%clk 0:03:04]} cxd4 {[%clk 0:02:57]} 10. Nxd4
{[%clk 0:03:03]} Nc6 {[%clk 0:02:58]} 11. Nxc6 {[%clk 0:02:57]} bxc6
{[%clk 0:02:59]} 12. Nc3 {[%clk 0:02:58]} Re8 {[%clk 0:02:56]} 13. Rc1
{[%clk 0:02:57]} Ba6 {[%clk 0:02:51]} 14. Re1 {[%clk 0:02:52]} Rc8
{[%clk 0:02:41]} 15. Na4 {[%clk 0:02:53]} Rc7 {[%clk 0:02:09]} 16. e3
{[%clk 0:02:41]} Qd6 {[%clk 0:01:41]} 17. Bd4 {[%clk 0:02:37]} Bc8
{[%clk 0:01:35]} 18. Qd2 {[%clk 0:02:33]} Bf5 {[%clk 0:01:33]} 19. Qb2
{[%clk 0:02:32]} Nh5 {[%clk 0:01:21]} 20. Rc5 {[%clk 0:02:19]} Bxd4
{[%clk 0:01:00]} 21. Qxd4 {[%clk 0:02:19]} Ng7 {[%clk 0:01:01]} 22. Qf4
{[%clk 0:01:02]} Qxf4 23. gxf4 {[%clk 0:01:04]} Ne6 {[%clk 0:00:47]} 24. Rcc1
{[%clk 0:01:05]} Rb8 {[%clk 0:00:33]} 25. Nc5 {[%clk 0:01:03]} Rb5
{[%clk 0:00:28]} 26. Na4 {[%clk 0:00:52]} Rb8 {[%clk 0:00:20]} 27. Red1
{[%clk 0:00:51]} Rd8 {[%clk 0:00:16]} 28. Nc5 {[%clk 0:00:50]} Nf8
{[%clk 0:00:14]} 29. Na6 {[%clk 0:00:45]} Rcc8 {[%clk 0:00:15]} 30. Nb4
{[%clk 0:00:46]} Bd7 {[%clk 0:00:14]} 31. Rd2 {[%clk 0:00:35]} a5
{[%clk 0:00:06]} 32. Nd3 {[%clk 0:00:33]} Ne6 {[%clk 0:00:07]} 33. Rdc2
{[%clk 0:00:28]} Be8 {[%clk 0:00:06]} 34. Bh3 {[%clk 0:00:27]} f5
{[%clk 0:00:06]} 35. Bg2 {[%clk 0:00:27]} d4 {[%clk 0:00:06]} 36. e4
{[%clk 0:00:21]} c5 {[%clk 0:00:03]} 37. a4 {[%clk 0:00:17]} fxe4
{[%clk 0:00:03]} 38. Bxe4 {[%clk 0:00:18]} Bc6 {[%clk 0:00:04]} 39. f3
{[%clk 0:00:14]} Ba8 {[%clk 0:00:04]} 40. Kg2 {[%clk 0:00:13]} Rf8
{[%clk 0:00:04]} 41. Kg3 {[%clk 0:00:14]} Ng7 {[%clk 0:00:04]} 42. Rxc5
{[%clk 0:00:14]} Rce8 {[%clk 0:00:04]} 43. Re5 {[%clk 0:00:13]} Nh5+
{[%clk 0:00:04]} 44. Kf2 {[%clk 0:00:10]} Nxf4 {[%clk 0:00:05]} 45. Rxe8
{[%clk 0:00:08]} Nxd3+ {[%clk 0:00:06]} 46. Bxd3 {[%clk 0:00:09]} Rxe8
{[%clk 0:00:08]} 47. Rc5 {[%clk 0:00:07]} Kg7 {[%clk 0:00:06]} 48. Rxa5
{[%clk 0:00:07]} Re3 {[%clk 0:00:07]} 49. Rxa8 {[%clk 0:00:07]} Rxd3 50. Rb8
{[%clk 0:00:07]} Rd2+ {[%clk 0:00:09]} 51. Ke1 {[%clk 0:00:07]} Rxh2
{[%clk 0:00:09]} 52. a5 {[%clk 0:00:08]} Ra2 {[%clk 0:00:09]} 53. b4
{[%clk 0:00:09]} h5 {[%clk 0:00:10]} 54. Rd8 {[%clk 0:00:09]} h4 {[%clk 0:00:09]}
55. Kf1 {[%clk 0:00:06]} h3 {[%clk 0:00:08]} 56. Kg1 {[%clk 0:00:07]} Rd2
{[%clk 0:00:03]} 57. a6 {[%clk 0:00:07]} Ra2 {[%clk 0:00:03]} 58. b5
{[%clk 0:00:08]} Kf6 {[%clk 0:00:04]} 59. b6 {[%clk 0:00:08]} Rxa6
{[%clk 0:00:04]} 60. b7 {[%clk 0:00:09]} Rb6 {[%clk 0:00:05]} 61. b8=Q
{[%clk 0:00:09]} Rxb8 {[%clk 0:00:06]} 62. Rxb8 {[%clk 0:00:10]} Ke5
{[%clk 0:00:06]} 63. Kf2 {[%clk 0:00:10]} h2 {[%clk 0:00:06]} 64. Rh8
{[%clk 0:00:11]} Kf4 {[%clk 0:00:06]} 65. Rh4+ {[%clk 0:00:12]} Ke5
{[%clk 0:00:06]} 66. Rxh2 {[%clk 0:00:13]} 1-0

[Event "Team Championship (men blitz)"]
[Site "Sochi"]
[Date "2017.10.05"]
[Round "5.27"]
[White "Poliakov, Artem"]
[Black "Lugovskoy, Maxim"]
[Result "0-1"]
[LiveChessVersion "1.4.8"]
[BlackElo "2512"]
[WhiteElo "2185"]

1. c4 {[%clk 0:03:03]} e6 {[%clk 0:03:04]} 2. Nc3 {[%clk 0:03:04]} d5
{[%clk 0:03:05]} 3. d4 {[%clk 0:03:05]} a6 {[%clk 0:03:04]} 4. cxd5
{[%clk 0:03:03]} exd5 {[%clk 0:03:03]} 5. Bf4 {[%clk 0:03:03]} c6
{[%clk 0:03:04]} 6. e3 {[%clk 0:03:04]} Bd6 {[%clk 0:03:05]} 7. Bd3
{[%clk 0:03:00]} Nf6 {[%clk 0:03:01]} 8. Nf3 {[%clk 0:02:59]} Bg4
{[%clk 0:03:01]} 9. h3 {[%clk 0:02:55]} Bh5 {[%clk 0:03:01]} 10. g4
{[%clk 0:02:52]} Bg6 {[%clk 0:03:03]} 11. Ne5 {[%clk 0:02:53]} Qe7
{[%clk 0:03:00]} 12. Bxg6 {[%clk 0:02:34]} hxg6 {[%clk 0:03:01]} 13. Qb3
{[%clk 0:02:35]} b5 {[%clk 0:02:58]} 14. Ne2 {[%clk 0:02:18]} Bxe5
{[%clk 0:02:46]} 15. Bxe5 {[%clk 0:01:56]} Nxg4 {[%clk 0:02:47]} 16. Bxg7
{[%clk 0:01:56]} Rh7 {[%clk 0:02:49]} 17. Be5 {[%clk 0:01:53]} Nxe5
{[%clk 0:02:48]} 18. dxe5 {[%clk 0:01:53]} Qxe5 {[%clk 0:02:48]} 19. Rc1
{[%clk 0:01:52]} Rh4 {[%clk 0:02:46]} 20. Qc3 {[%clk 0:01:38]} Qxc3+
{[%clk 0:02:44]} 21. Rxc3 {[%clk 0:01:38]} Kd7 {[%clk 0:02:39]} 22. Kd2
{[%clk 0:01:23]} Kd6 {[%clk 0:02:40]} 23. Nf4 {[%clk 0:01:13]} Nd7
{[%clk 0:02:38]} 24. Ke2 {[%clk 0:01:03]} g5 {[%clk 0:02:32]} 25. Ng2
{[%clk 0:00:55]} Rh5 {[%clk 0:02:30]} 26. b4 {[%clk 0:00:48]} Nb6
{[%clk 0:02:31]} 27. e4 {[%clk 0:00:40]} Re8 {[%clk 0:02:24]} 28. f3
{[%clk 0:00:29]} dxe4 {[%clk 0:02:25]} 29. Rd1+ {[%clk 0:00:29]} Nd5
{[%clk 0:02:25]} 30. fxe4 {[%clk 0:00:28]} Rxe4+ {[%clk 0:02:26]} 31. Kf2
{[%clk 0:00:29]} Rxb4 {[%clk 0:02:26]} 32. Ne3 {[%clk 0:00:25]} Rb2+
{[%clk 0:02:17]} 33. Kg3 {[%clk 0:00:23]} Rxa2 {[%clk 0:01:52]} 34. Nxd5
{[%clk 0:00:21]} cxd5 {[%clk 0:01:54]} 35. Rcd3 {[%clk 0:00:22]} g4
{[%clk 0:01:55]} 36. hxg4 {[%clk 0:00:20]} Re5 {[%clk 0:01:56]} 37. Rf1
{[%clk 0:00:20]} Rae2 {[%clk 0:01:38]} 38. Rxf7 {[%clk 0:00:14]} R5e3+
{[%clk 0:01:39]} 39. Rxe3 {[%clk 0:00:15]} Rxe3+ {[%clk 0:01:40]} 40. Kf4
{[%clk 0:00:15]} Re1 {[%clk 0:01:39]} 41. Ra7 {[%clk 0:00:16]} Ra1
{[%clk 0:01:23]} 42. g5 {[%clk 0:00:16]} a5 {[%clk 0:01:05]} 43. g6
{[%clk 0:00:15]} a4 {[%clk 0:01:05]} 44. g7 {[%clk 0:00:05]} Rg1 {[%clk 0:01:06]}
45. Ke3 {[%clk 0:00:05]} Kc5 {[%clk 0:01:02]} 46. Kd3 {[%clk 0:00:06]} Kb4
{[%clk 0:01:03]} 47. Kd4 {[%clk 0:00:07]} a3 {[%clk 0:00:57]} 48. Kxd5
{[%clk 0:00:08]} Kb3 {[%clk 0:00:58]} 49. Kc5 {[%clk 0:00:09]} b4
{[%clk 0:01:00]} 50. Rb7 {[%clk 0:00:05]} Rg5+ {[%clk 0:01:00]} 51. Kd6
{[%clk 0:00:06]} a2 {[%clk 0:01:01]} 52. Rb5 {[%clk 0:00:03]} Rxg7
{[%clk 0:01:01]} 0-1

[Event "Team Championship (men blitz)"]
[Site "Sochi"]
[Date "2017.10.05"]
[Round "5.28"]
[White "Krylov, Mikhail"]
[Black "Maltsevskaya, Aleksandra"]
[Result "1-0"]
[LiveChessVersion "1.4.8"]
[BlackElo "2203"]
[WhiteElo "2494"]

1. d4 {[%clk 0:03:03]} Nf6 2. c4 g6 3. Nc3 Bg7 {[%clk 0:03:05]} 4. Bg5
{[%clk 0:03:07]} O-O 5. e3 d6 6. Be2 c6 {[%clk 0:03:04]} 7. Qc2 {[%clk 0:03:08]}
a6 {[%clk 0:02:55]} 8. Nf3 {[%clk 0:03:08]} b5 {[%clk 0:02:56]} 9. O-O
{[%clk 0:03:06]} Nbd7 {[%clk 0:02:54]} 10. Nd2 {[%clk 0:03:00]} Bb7
{[%clk 0:02:50]} 11. b4 {[%clk 0:02:58]} bxc4 {[%clk 0:02:29]} 12. Nxc4
{[%clk 0:02:57]} h6 {[%clk 0:02:18]} 13. Bh4 {[%clk 0:02:55]} Rc8
{[%clk 0:02:05]} 14. Bf3 {[%clk 0:02:51]} Ba8 {[%clk 0:02:03]} 15. Rfd1
{[%clk 0:02:44]} Qc7 {[%clk 0:01:56]} 16. Bg3 {[%clk 0:02:41]} Qa7
{[%clk 0:01:49]} 17. a4 {[%clk 0:02:27]} c5 {[%clk 0:01:41]} 18. Bxa8
{[%clk 0:02:21]} cxb4 {[%clk 0:01:32]} 19. Nd5 {[%clk 0:02:22]} Qxa8
{[%clk 0:01:13]} 20. Nxe7+ Kh7 21. Nxc8 Rxc8 22. Qe2 {[%clk 0:01:55]} Ne4
{[%clk 0:01:11]} 23. Nxd6 {[%clk 0:01:47]} Nc3 {[%clk 0:01:03]} 24. Qc2
{[%clk 0:01:30]} Rc6 {[%clk 0:00:27]} 25. Re1 {[%clk 0:01:28]} Qf8
{[%clk 0:00:26]} 26. Nb7 {[%clk 0:00:48]} Qc8 {[%clk 0:00:09]} 27. Na5
{[%clk 0:00:48]} Rb6 {[%clk 0:00:06]} 28. Qb3 {[%clk 0:00:46]} Nf6
{[%clk 0:00:06]} 29. Qxf7 {[%clk 0:00:42]} Qf5 {[%clk 0:00:05]} 30. Nb3
{[%clk 0:00:35]} Rc6 {[%clk 0:00:04]} 31. h3 {[%clk 0:00:33]} Qc2
{[%clk 0:00:05]} 32. Nc5 {[%clk 0:00:32]} b3 {[%clk 0:00:05]} 33. Qxb3
{[%clk 0:00:32]} Ne2+ {[%clk 0:00:04]} 34. Kh2 {[%clk 0:00:32]} Rxc5
{[%clk 0:00:05]} 35. Qxc2 Rxc2 {[%clk 0:00:06]} 36. Be5 {[%clk 0:00:26]} Ne4
{[%clk 0:00:07]} 37. Bxg7 Kxg7 38. f3 {[%clk 0:00:25]} Ng5 {[%clk 0:00:08]} 39.
h4 {[%clk 0:00:22]} Ne6 {[%clk 0:00:06]} 40. Rab1 {[%clk 0:00:22]} Nc3 41. Rb6
Kf7 {[%clk 0:00:06]} 42. Rxa6 {[%clk 0:00:24]} g5 {[%clk 0:00:06]} 43. h5
{[%clk 0:00:23]} g4 {[%clk 0:00:05]} 44. fxg4 {[%clk 0:00:17]} Ng5 45. Rf1+ Kg7
46. Rg6+ Kh7 {[%clk 0:00:08]} 47. a5 {[%clk 0:00:19]} Nd5 {[%clk 0:00:08]} 48. a6
{[%clk 0:00:12]} Nxe3 {[%clk 0:00:06]} 49. Rb1 {[%clk 0:00:08]} Rxg2+ 50. Kh1 Ra2
51. Rb7+ Kh8 52. a7 Ra1+ 53. Kh2 Ra2+ 54. Kg3 Nf1+ {[%clk 0:00:04]} 55. Kf4
{[%clk 0:00:16]} Rf2+ 56. Ke5 Nf3+ 57. Kd6 Ra2 {[%clk 0:00:00]} 58. Rb8+
{[%clk 0:00:17]} 1-0

[Event "Team Championship (men blitz)"]
[Site "Sochi"]
[Date "2017.10.05"]
[Round "5.29"]
[White "Triapishko, Alexandr"]
[Black "Moskalenko, Alexander"]
[Result "1/2-1/2"]
[LiveChessVersion "1.4.8"]
[BlackElo "2580"]
[WhiteElo "2396"]

1. e4 {[%clk 0:03:02]} d6 {[%clk 0:03:04]} 2. d4 {[%clk 0:03:03]} Nf6
{[%clk 0:03:05]} 3. Nc3 {[%clk 0:03:04]} e5 {[%clk 0:03:06]} 4. Nf3
{[%clk 0:03:05]} Nbd7 {[%clk 0:03:08]} 5. Bc4 {[%clk 0:03:05]} Be7
{[%clk 0:03:09]} 6. O-O {[%clk 0:03:05]} O-O {[%clk 0:03:10]} 7. a4 a6 8. h3
{[%clk 0:03:03]} b6 {[%clk 0:03:12]} 9. d5 {[%clk 0:02:57]} h6 {[%clk 0:03:01]}
10. Qe2 {[%clk 0:02:57]} Bb7 {[%clk 0:03:01]} 11. Rd1 {[%clk 0:02:47]} Nh7
{[%clk 0:02:58]} 12. Ra3 {[%clk 0:02:28]} Re8 {[%clk 0:02:58]} 13. Be3
{[%clk 0:02:22]} Ndf8 {[%clk 0:02:59]} 14. Kh2 {[%clk 0:02:04]} Qd7
{[%clk 0:02:54]} 15. Nd2 {[%clk 0:01:49]} Bg5 {[%clk 0:02:53]} 16. Bd3
{[%clk 0:01:47]} Ng6 {[%clk 0:02:46]} 17. g3 {[%clk 0:01:45]} Rf8
{[%clk 0:02:08]} 18. Nf1 {[%clk 0:01:28]} Bc8 {[%clk 0:02:03]} 19. Qg4
{[%clk 0:00:59]} Qxg4 {[%clk 0:02:03]} 20. hxg4 {[%clk 0:01:00]} Bxg4
{[%clk 0:02:04]} 21. Rda1 {[%clk 0:00:55]} f5 {[%clk 0:01:58]} 22. exf5
{[%clk 0:00:34]} Ne7 {[%clk 0:01:58]} 23. Ne4 {[%clk 0:00:18]} Nxf5
{[%clk 0:01:09]} 24. Bxg5 {[%clk 0:00:18]} Nxg5 {[%clk 0:01:08]} 25. Nxg5
{[%clk 0:00:16]} hxg5 {[%clk 0:01:09]} 26. Nd2 {[%clk 0:00:17]} Nd4
{[%clk 0:01:02]} 27. Kg2 {[%clk 0:00:15]} Rf6 {[%clk 0:00:44]} 28. Be4
{[%clk 0:00:16]} Bd7 {[%clk 0:00:19]} 29. Rc3 {[%clk 0:00:15]} Rc8
{[%clk 0:00:14]} 30. Rc4 {[%clk 0:00:16]} a5 {[%clk 0:00:15]} 31. Rc3
{[%clk 0:00:13]} g4 {[%clk 0:00:15]} 32. b3 {[%clk 0:00:10]} g6 {[%clk 0:00:16]}
33. Re3 {[%clk 0:00:10]} Rcf8 {[%clk 0:00:17]} 34. Rf1 Kg7 35. c3
{[%clk 0:00:12]} Nf5 {[%clk 0:00:19]} 36. Ree1 {[%clk 0:00:12]} Ne7
{[%clk 0:00:17]} 37. Nc4 {[%clk 0:00:11]} Bc8 {[%clk 0:00:16]} 38. Ne3
{[%clk 0:00:11]} Ba6 {[%clk 0:00:17]} 39. c4 Bc8 40. Rb1 {[%clk 0:00:10]} Bd7
{[%clk 0:00:19]} 41. b4 {[%clk 0:00:10]} axb4 {[%clk 0:00:20]} 42. Rxb4
{[%clk 0:00:11]} Ra8 {[%clk 0:00:22]} 43. Ra1 {[%clk 0:00:11]} Ra5
{[%clk 0:00:23]} 44. Bc2 {[%clk 0:00:08]} Rf8 {[%clk 0:00:23]} 45. Bd1
{[%clk 0:00:09]} Nf5 {[%clk 0:00:22]} 46. Nxg4 {[%clk 0:00:08]} Nd4
{[%clk 0:00:23]} 47. Ne3 {[%clk 0:00:09]} Rfa8 {[%clk 0:00:23]} 48. g4
{[%clk 0:00:06]} Rf8 {[%clk 0:00:23]} 49. f3 {[%clk 0:00:06]} Rh8
{[%clk 0:00:23]} 50. Ra2 {[%clk 0:00:07]} Rha8 {[%clk 0:00:22]} 51. Kg3
{[%clk 0:00:08]} R8a7 {[%clk 0:00:23]} 52. f4 {[%clk 0:00:09]} Ra8
{[%clk 0:00:17]} 53. fxe5 {[%clk 0:00:09]} dxe5 {[%clk 0:00:18]} 54. d6
{[%clk 0:00:11]} cxd6 {[%clk 0:00:17]} 55. Rxb6 {[%clk 0:00:12]} Bxa4
{[%clk 0:00:18]} 56. Bxa4 {[%clk 0:00:09]} Rxa4 {[%clk 0:00:20]} 57. Rxa4
{[%clk 0:00:07]} Rxa4 {[%clk 0:00:21]} 58. Rxd6 {[%clk 0:00:08]} Ra3
{[%clk 0:00:23]} 59. Kf2 {[%clk 0:00:09]} Ra2+ {[%clk 0:00:22]} 60. Kg3
{[%clk 0:00:09]} Ra3 {[%clk 0:00:22]} 61. Kf2 {[%clk 0:00:10]} Ra2+
{[%clk 0:00:16]} 62. Kg3 {[%clk 0:00:12]} Re2 {[%clk 0:00:14]} 63. Nd5
{[%clk 0:00:12]} Rc2 {[%clk 0:00:08]} 64. Ne3 {[%clk 0:00:13]} Rc3
{[%clk 0:00:09]} 65. Kf2 {[%clk 0:00:15]} Kh6 {[%clk 0:00:06]} 66. Rd5
{[%clk 0:00:16]} Nc2 {[%clk 0:00:05]} 67. Rxe5 {[%clk 0:00:14]} Nxe3 68. Rxe3
{[%clk 0:00:15]} 1/2-1/2

[Event "Team Championship (men blitz)"]
[Site "Sochi"]
[Date "2017.10.05"]
[Round "5.30"]
[White "Oganian, Miran"]
[Black "Chos, Alexey"]
[Result "1-0"]
[LiveChessVersion "1.4.8"]
[BlackElo "2354"]
[WhiteElo "2496"]

1. d4 {[%clk 0:03:03]} d5 {[%clk 0:03:02]} 2. c4 {[%clk 0:03:04]} c6 3. Nf3 Nf6
{[%clk 0:03:05]} 4. Qc2 {[%clk 0:03:07]} dxc4 {[%clk 0:03:03]} 5. Qxc4
{[%clk 0:03:08]} Bf5 {[%clk 0:02:59]} 6. g3 {[%clk 0:03:10]} e6 7. Bg2 Be7
{[%clk 0:02:55]} 8. O-O {[%clk 0:03:12]} O-O {[%clk 0:02:56]} 9. e3
{[%clk 0:03:14]} Qa5 {[%clk 0:02:54]} 10. Qe2 {[%clk 0:03:01]} Qa6
{[%clk 0:02:48]} 11. Qxa6 {[%clk 0:02:50]} Nxa6 {[%clk 0:02:48]} 12. a3
{[%clk 0:02:49]} Nc7 {[%clk 0:02:40]} 13. Nh4 {[%clk 0:02:45]} Bd3
{[%clk 0:02:38]} 14. Rd1 {[%clk 0:02:45]} Be2 {[%clk 0:02:27]} 15. Re1
{[%clk 0:02:46]} Bd3 {[%clk 0:02:28]} 16. Nc3 {[%clk 0:02:44]} Nfd5
{[%clk 0:02:24]} 17. Nf3 {[%clk 0:02:45]} Nxc3 {[%clk 0:02:23]} 18. bxc3
{[%clk 0:02:47]} f6 {[%clk 0:02:17]} 19. Nd2 {[%clk 0:02:43]} Nd5
{[%clk 0:02:15]} 20. Bb2 {[%clk 0:02:43]} Nb6 {[%clk 0:02:16]} 21. a4
{[%clk 0:02:40]} Nc4 {[%clk 0:02:16]} 22. Nxc4 {[%clk 0:02:41]} Bxc4
{[%clk 0:02:17]} 23. Ba3 {[%clk 0:02:39]} Bxa3 {[%clk 0:02:12]} 24. Rxa3
{[%clk 0:02:40]} Rac8 {[%clk 0:02:09]} 25. a5 {[%clk 0:02:28]} Rc7
{[%clk 0:02:05]} 26. Rb1 {[%clk 0:02:27]} e5 {[%clk 0:02:01]} 27. Rb4
{[%clk 0:02:27]} Bd5 {[%clk 0:01:58]} 28. e4 {[%clk 0:01:55]} Be6
{[%clk 0:01:56]} 29. d5 {[%clk 0:01:50]} cxd5 {[%clk 0:01:51]} 30. exd5
{[%clk 0:01:52]} Bc8 {[%clk 0:01:50]} 31. c4 {[%clk 0:01:44]} Rd8
{[%clk 0:01:46]} 32. Bf1 {[%clk 0:01:42]} Rc5 {[%clk 0:01:45]} 33. Rb2
{[%clk 0:01:31]} Kf8 {[%clk 0:01:46]} 34. h4 {[%clk 0:01:30]} h6 {[%clk 0:01:46]}
35. Be2 {[%clk 0:01:29]} Ke7 {[%clk 0:01:45]} 36. h5 {[%clk 0:01:29]} Kd6
{[%clk 0:01:44]} 37. Kf1 {[%clk 0:01:25]} Kc7 {[%clk 0:01:37]} 38. Ke1
{[%clk 0:01:25]} Rd6 {[%clk 0:01:36]} 39. f4 {[%clk 0:01:21]} exf4
{[%clk 0:01:33]} 40. gxf4 {[%clk 0:01:22]} Rd8 {[%clk 0:01:33]} 41. Kf2
{[%clk 0:01:16]} Re8 {[%clk 0:01:34]} 42. Rd2 {[%clk 0:01:11]} Kd6
{[%clk 0:01:34]} 43. Rd4 {[%clk 0:00:56]} Re7 {[%clk 0:01:32]} 44. Ra1
{[%clk 0:00:38]} Bd7 {[%clk 0:01:28]} 45. Rd2 {[%clk 0:00:28]} Bf5
{[%clk 0:01:25]} 46. Rb2 {[%clk 0:00:25]} Re4 {[%clk 0:01:22]} 47. Rxb7
{[%clk 0:00:22]} Rxf4+ {[%clk 0:01:22]} 48. Ke3 {[%clk 0:00:10]} Re4+
{[%clk 0:01:23]} 49. Kd2 {[%clk 0:00:12]} Rd4+ {[%clk 0:01:13]} 50. Kc3
{[%clk 0:00:13]} Rdxd5 {[%clk 0:01:14]} 51. Rxa7 {[%clk 0:00:10]} Re5
{[%clk 0:01:12]} 52. Bf1 {[%clk 0:00:11]} Re3+ {[%clk 0:01:12]} 53. Kb4
{[%clk 0:00:12]} Bc2 {[%clk 0:01:10]} 54. Ra6+ {[%clk 0:00:12]} Rc6
{[%clk 0:01:11]} 55. c5+ {[%clk 0:00:12]} Kc7 {[%clk 0:01:11]} 56. Rxc6+
{[%clk 0:00:11]} Kxc6 {[%clk 0:01:12]} 57. a6 {[%clk 0:00:10]} Re4+
{[%clk 0:01:09]} 58. Kc3 {[%clk 0:00:12]} Kxc5 {[%clk 0:01:00]} 59. Kxc2
{[%clk 0:00:11]} Rf4 {[%clk 0:00:57]} 60. a7 {[%clk 0:00:10]} Rf2+
{[%clk 0:00:58]} 61. Kd3 {[%clk 0:00:11]} Rf3+ {[%clk 0:00:59]} 62. Ke2
{[%clk 0:00:11]} Rf4 {[%clk 0:00:57]} 63. a8=Q {[%clk 0:00:09]} Rc4
{[%clk 0:00:58]} 64. Qc8+ {[%clk 0:00:09]} Kd5 {[%clk 0:00:57]} 65. Ra5+
{[%clk 0:00:09]} Kd4 {[%clk 0:00:56]} 66. Qd7+ {[%clk 0:00:10]} Kc3
{[%clk 0:00:56]} 67. Qd3+ {[%clk 0:00:11]} Kb4 {[%clk 0:00:56]} 68. Qa3#
{[%clk 0:00:11]} 1-0